Statistics for Major terrorist attacks since 2000

Click here to take the quiz!

General Stats

  • This quiz has been taken 938 times
    (802 since last reset)
  • The average score is 4 of 14

Answer Stats

YearDeath tollLocation% Correct
20012996New York/The Pentagon/Shanksville, PA - September 11 attacks
96%
2015137Paris, France - November 2015 Paris attacks
79%
2004191Madrid, Spain - 2004 Madrid train bombings
51%
2006209Mumbai, India - 2006 Mumbai train bombings
26%
2008175Mumbai, India - 2008 Mumbai attacks
26%
2002170Moscow, Russia - Moscow theater hostage crisis
25%
2004334Beslan, Russia - Beslan school hostage crisis
17%
2002202Bali, Indonesia - 2002 Bali bombings
13%
2002130Rafiganj, India - Rafiganj train disaster
10%
2010148West Midnapore, India - Gyaneshwari Express train derailment
10%
2004116Manila Bay, Philippines - 2004 SuperFerry 14 bombing
9%
2015147Kenya - Garissa University College attack
7%
2006112Digampathana, Sri Lanka - 2006 Digampathana bombing
4%
2001252Angola - 2001 Angola train attack
1%

Score Distribution

Percentile by Number Answered

Percent of People with Each Score

Your Score History

You have not taken this quiz since the last reset